00669nam a22002057a 4500001000500000005001700005020001800022040001800040050001200058100002000070245008700090260003400177300004600211500005500257505000800312520007800320521002000398521002000418700002500438260120250731140327.0 a9780590273824 aDLCcDLCbeng00a591.5631 aBernard, Robin 10aWho wants a ride? /cWritten by Robin Bernard ; Illustrated by Katherine Tillotson aNew York :bScholastic,c1994 a16 pages :bcolor illustration ;c20 cm . aDescriptive notes on container include song texts.0 aJ  aDescribes the various ways that baby animals are carried by their mothers a450 bLexile  aJ bRaz-Plus 1 aTillotson, Katherine